| 000 | 00494nam a2200145 i 4500 | ||
|---|---|---|---|
| 001 | 102092 | ||
| 003 | ES-MaACL | ||
| 005 | 20230906183037.0 | ||
| 007 | t| | ||
| 008 | 051103s1909 cu ||||1| spa d | ||
| 245 | 0 | 0 | _aMemoria leída por el Fiscal del Tribunal Supremo en el acto de la solemne apertura de los tribunales, el día 1º de Septiembre de 1909. |
| 260 |
_aLa Habana : _b[s.n.], _c1909 ( _fImp. de Rambla, Bouza y Cía.) |
||
| 300 |
_a130 p. ; _c26 cm. |
||
| 852 |
_aES-MaACL _jG-9964 |
||
| 999 |
_c102092 _d102092 |
||